At the feet of the master riminiscences / (Record no. 41650)

MARC details
000 -LEADER
fixed length control field 00638nam a22001937a 4500
005 - DATE AND TIME OF LATEST TRANSACTION
control field 20100813143231.0
010 ## - LCCN (DPL NO)
LC control number ENG-100214
020 ## - INTERNATIONAL STANDARD BOOK NUMBER
International Standard Book Number 9788170588481
Terms of availability 35.00
035 ## - SYSTEM CONTROL NUMBER
System control number EN-83746
037 ## - SOURCE OF ACQUISITION
Source of stock number/acquisition DBAD/PUB
082 ## - DEWEY DECIMAL CLASSIFICATION NUMBER
Classification number 921
100 ## - MAIN ENTRY--PERSONAL NAME
Personal name Kodandarama Rao, T.
245 ## - TITLE STATEMENT
Title At the feet of the master riminiscences /
Statement of responsibility, etc by T. Kodandarama Rao
260 ## - PUBLICATION, DISTRIBUTION, ETC. (IMPRINT)
Place of publication, distribution, etc Puducherry
Name of publisher, distributor, etc Sri Aurobindo Ashram Trust
Date of publication, distribution, etc 2007
270 ## - ADDRESS
City Puducherry
Postal code 605002
300 ## - PHYSICAL DESCRIPTION
Extent xi,60p.
Dimensions 20cm (pbk)
942 ## - ADDED ENTRY ELEMENTS (KOHA)
Source of classification or shelving scheme Dewey Decimal Classification
Item type English Books
Classification part 921
Call number suffix KOD
Holdings
Withdrawn status Lost status Not for loan Collection code Home library Current library Date acquired Source of acquisition Cost, normal purchase price Full call number Barcode Copy number Cost, replacement price Koha item type
    Not For Loan Non-fiction D.B.Act.Division D.B.Act.Division 13/08/2010 DBAD/PUB 35.00 921 KOD EN-83746 1 35.00 English Books

© Delhi Public Library
Hit Counter
free hit counter